00717nam a2200205 a 450000100060000000300080000600500170001400800410003103500190007204000320009104100080012308200290013110000260016024501280018626000500031430000260036450000190039065000360040971000660044558402BD-RjUL20211209080621.0161218s1968 nyu b 000 0 eng  a(BD-RjUL)58526 aDLCcDLCdDLCdBD-RjULbeng aeng00a331.110973223bGIM 19681 aGinzberg, Eli,d1911-10aManpower strategy for the metropolis /cby Eli Ginzberg and the Conservation of Human Resources staff, Columbia University. aNew York :bColumbia University Press,c1968. axii, 321 p. ;c22 cm. aIncludes Index 0aManpower policyzUnited States.2 aConservation of Human Resources Project (Columbia University)